Cuentos con fantasmas al fondo / (Registro nro. 138452)

Detalles MARC
000 -LEADER
campo de control de longitud fija 00571nam a2200181 4500
001 - NÚMERO DE CONTROL
campo de control 138452
003 - IDENTIFICADOR DE NÚMERO DE CONTROL
campo de control ES-MaACL
005 - FECHA Y HORA DE LA ÚLTIMA TRANSACCIÓN
campo de control 20250416063102.0
007 - CAMPO FIJO DE DESCRIPCIÓN FÍSICA--INFORMACIÓN GENERAL
campo de control de longitud fija t|
008 - DATOS DE LONGITUD FIJA--INFORMACIÓN GENERAL
campo de control de longitud fija 070214s1974 sp r ||||1| spa d
100 1# - ENTRADA PRINCIPAL--NOMBRE DE PERSONA
Nombre de persona San Ildefonso, Mariano,
Fechas asociadas al nombre 1904-1981
9 (RLIN) 102237
245 10 - MENCIÓN DEL TÍTULO
Título Cuentos con fantasmas al fondo /
Mención de responsabilidad, etc. Mariano San Ildefonso.
260 ## - PUBLICACIÓN, DISTRIBUCIÓN, ETC.
Lugar de publicación, distribución, etc. [Madrid :
Nombre del editor, distribuidor, etc. Agrupación Hispana de Escritores,
Fecha de publicación, distribución, etc. 1974]
300 ## - DESCRIPCIÓN FÍSICA
Extensión 95 p. ;
Dimensiones 20 cm.
710 2# - ENTRADA AGREGADA--NOMBRE DE ENTIDAD CORPORATIVA
Nombre de entidad corporativa o nombre de jurisdicción como elemento de entrada Agrupación Hispana de Escritores.
9 (RLIN) 1292
852 ## - LOCALIZACIÓN
Ubicación ES-MaACL
Número de control de estantería E-5548
Sublocalización o colección R.89840
Existencias
Estatus retirado Estado de pérdida Estado de daño No para préstamo Biblioteca de origen Biblioteca actual Ubicación en estantería Fecha de adquisición Fuente de adquisición Total de préstamos Signatura topográfica completa Código de barras Visto por última vez Precio de reemplazo Tipo de ítem Koha
        Biblioteca del Ateneo de Madrid Biblioteca del Ateneo de Madrid Depósito 2 17/01/2008     E-5548 1144067 23/02/2023 23/02/2023 Libro impreso